Retrouvez les Neuf Mondes de la Mythologie Nordique - Statistiques

Statistiques générales
  • Ce quiz a été pris 42 fois
  • Le résultat moyen est 5 sur 9
Statistiques - réponses
Indice Réponse % Correct
Monde des Ases Asgard
97%
Monde des Humains Midgard
79%
Monde des Jötnars Jötunheim
71%
Monde des Morts Helheim
62%
Monde des Vanir Vanaheim
59%
Monde des Elfes Alfheim
56%
Monde de la Brume et de la Glace Niflheim
50%
Monde des Géants de Feu Muspellheim
47%
Monde des Nains Nidavellir
26%
Aucun quiz correspondant
Distribution des résultats
% des personnes avec chaque résultat
Percentile par nombre de réponses
Votre historique - résultats
Vous n’avez pas pris ce quiz